Car models starting with R by pictures - Statistics

General Stats
  • This quiz has been taken 45 times
  • The average score is 5 of 10
Answer Stats
Picture Hint Answer % Correct
Ford Ranger
89%
Toyota RAV4
76%
Audi RS6
76%
Land Rover Range Rover
71%
Mazda RX-7
68%
Jeep Renegade
55%
KIA Rio
47%
Nissan Rogue
39%
Fiat Ritmo
13%
Toyota Rush
5%
No matching quizzes found
Score Distribution
Percent of People with Each Score
Percentile by Number Answered
Your Score History
You have not taken this quiz